000 00497nam a22001697a 4500
005 20251108172923.0
008 250721s2001 xx 000 0 ara d
082 1 4 _a956.7/عين
100 1 _aالعيني، محسن
245 1 0 _aخمسون عاما في الرمال المتحركة /
264 1 _aالقاهرة :
_bدار الشروق،
_c2001.
300 _a354ص.
650 1 7 _aتاريخ اليمن
650 1 7 _aالتاريخ السياسي
942 _2ddc
_cBK
999 _c91849
_d91849